Oversimplified Country Shapes #2 - Statistics

General Stats
  • This quiz has been taken 40 times
  • The average score is 18 of 20
Answer Stats
Picture Answer % Correct
Egypt
97%
Norway
97%
Philippines
97%
Spain
97%
Thailand
97%
United Kingdom
97%
Vietnam
97%
Argentina
95%
Morocco
95%
New Zealand
95%
Austria
89%
Panama
89%
Iran
86%
Russia
86%
Ukraine
86%
Kazakhstan
84%
Pakistan
84%
Ethiopia
76%
Cameroon
73%
Venezuela
70%
No matching quizzes found
Score Distribution
Percent of People with Each Score
Percentile by Number Answered
Your Score History
You have not taken this quiz